Soccer Players- What Team - Statistics

General Stats
  • This quiz has been taken 62 times
  • The average score is 19 of 35
Answer Stats
Hint Answer % Correct
Lionel Messi Barcelona/Argentina
100%
Cristiano Ronaldo Real Madrid/Portugal
92%
Eden Hazard Chelsea/Belgium
91%
Sergio Aguero Manchester City/Argentina
68%
Andres Iniesta Barcelona/Spain
66%
Manuel Neuer Bayern/Germany
66%
Mario Gotze Bayern/Germany
66%
Philip Lahm Bayern/Germany
66%
Paul Pogba Juventus/France
64%
Gareth Bale Real Madrid/Wales
64%
Wayne Rooney Manchester United/England
62%
Juan Mata Manchester United/Spain
62%
David De Gea Manchester United/Spain
62%
Zlatan Ibrahimovic PSG/Sweden
62%
Alexis Sanchez Arsenal/Chile
60%
Marco Reus Dortmund/Germany
58%
Gonzalo Higuan Napoli/Argentina
55%
Carlos Tevez Juventus/Argentina
53%
Arturo Vidal Juventus/Chile
53%
David Alaba Bayern/Austria
51%
Robben Bayern/Holland
49%
Hulk Zenit/Brazil
49%
Mario Mandzukic Juventus/Croatia
47%
Memphis Depay Manchester United/Holland
43%
Antoine Griezmann Atletico Madrid/France
42%
Pierre-Emerick Aubameyang Dortmund/Gabon
40%
Alexandre Lacazette Lyon/France
40%
Dimitri Payet West Ham/France
38%
Wesley Sneijder Galatasaray/Holland
36%
Mauro Icardi Inter/Argentina
34%
Nathaniel Clyne Liverpool/England
34%
Samir Handanovic Inter/Slovenia
30%
Carlos Vela Real Sociedad/Mexico
21%
Jetro Willems PSV/Holland
17%
Roman Eremenko CSKA/Finland
9%
No matching quizzes found
Score Distribution
Percent of People with Each Score
Percentile by Number Answered
Your Score History
You have not taken this quiz